000 00898nam a2200265 a 4500
001 51136
003 BD-RjUL
005 20211209075620.0
008 160828s1953 nyua b 001 0 eng
035 _a(BD-RjUL)51256
040 _aDLC
_cDLC
_dDLC
_beng
041 _aeng
082 0 0 _a516.57
_bBUP 1953
100 1 _aBusemann, Herbert,
_d1905-
_9151949
245 1 0 _aProjective geometry and projective metrics /
_cby Herbert Busemann and Paul J. Kelly
260 _aNew York :
_bAcademic Press,
_c1953.
300 _aviii, 332 p. :
_bill. ;
_c24 cm.
490 1 _aPure and applied mathematics; a series of monographs and textbooks ,
_vv. 3
504 _aBibliography: p. [323]
650 0 _aGeometry, Projective.
_9152975
700 1 _aKelly, Paul Joseph,
_9152976
830 0 _aPure and applied mathematics (Academic Press) ;
_v3.
_9151104
942 _2ddc
_cBK
999 _c51136
_d51136